America's family support programs : perspectives and prospects /

Bibliographic Details
Other Authors: Kagan, Sharon Lynn
Format: Book
Language:English
Published: New Haven [Conn.] : Yale University Press, [1987]
Subjects:

MARC

Tag First Indicator Second Indicator Subfields
LEADER 00000cam a2200000 a 4500
001 in00000008558
005 20151003070020.0
008 870324s1987 ctu b 00100 eng
010 |a  87008305  
020 |a 0300038577 (alk. paper) 
035 |a (OCoLC)15518685 
035 |9 AAA0952AM 
040 |a DLC  |c DLC  |d TXA  |d UtOrBLW 
043 |a n-us--- 
050 0 0 |a HV699  |b .A63 1987 
082 0 |a 362.8/28/0973  |2 19 
245 0 0 |a America's family support programs :  |b perspectives and prospects /  |c edited by Sharon L. Kagan [and others]. 
264 1 |a New Haven [Conn.] :  |b Yale University Press,  |c [1987] 
264 4 |c ©1987 
300 |a xvii, 396 pages ;  |c 24 cm. 
336 |a text  |b txt  |2 rdacontent 
337 |a unmediated  |b n  |2 rdamedia 
338 |a volume  |b nc  |2 rdacarrier 
504 |a Includes bibliographies. 
500 |a Includes index. 
650 0 |a Family social work  |z United States. 
650 0 |a Family policy  |z United States. 
700 1 |a Kagan, Sharon Lynn. 
999 |a MARS 
999 f f |s 3e6169e9-83d0-314f-a706-b7552ea8d688  |i 08830a4b-4288-33b1-a305-b9d151e90d85  |t 0 
952 f f |p ric  |a Texas A&M University  |b Rellis Campus  |c Joint Library Facility  |d Remote Storage  |t 0  |e HV699 .A63 1987  |h Library of Congress classification  |i unmediated -- volume  |m A14812564863 
998 f f |a HV699 .A63 1987  |t 0  |l Remote Storage